000 00833nas a2200301 4500
001 BR2010001941
003 BR-BrBNA
005 20231205114017.0
007 ta
008 230509b bl.|||p| |||| 00| 00por d
040 _aBR-BrBNA
_bpor
_cBiblioteca Nacional de Agricultura
041 _a(Pt)
072 _aL73
100 1 _aNogueira, S.P.
100 1 _aBrunetto, M.A.
100 1 _aJeremias, J.T.
100 1 _aGomes, M. de O.S.
100 1 _aTeshima, E.
100 1 _aCarcioli, A.C.
245 1 _aDermatose responsiva à biotina em cão
650 _aCÃO
650 _aDERMATITE
650 _aPELE
650 _aDEFICIENCIA NUTRICIONAL
773 0 _tCiência Rural (Brazil)
_xISSN 0103-8478
_g(Mar 2010), v. 40(3) p. 682-685
_wBR2010001941
909 _a202311
_bLúcia
_c55
_dLúcia Elande
942 _2AGRIS
_n0
_cANA
999 _c206700
_d206700